00550nam a2200157 a 450000100100000000500170001000800410002704000250006808200160009311000270010924000190013624500960015526000710025130000200032270000500034200001348220240704114906.0091125s2006 dr r 000 0 spa d aDO-SdBNPbspacBNPHU axxxxbR426e1 aRepública Dominicana13a[ Leyes, etc.]10aEstatuto del ministerio público ley 78 - 03 /cPresentación Aura Celeste Fernández R. aSanto Domingo :bEscuela Nacional del Ministerio Público,c2006. a94 p. ;c23 cm.1 aFernández Rodríguez, Aura Celeste,d1959-